| 000 | 00399cam a2200169 4500 | ||
|---|---|---|---|
| 001 | D12623 | ||
| 008 | 090401t1962 xxu||||| |||| 00| 0 eng d | ||
| 035 | _a(Sirsi) u4770 | ||
| 041 | _aeng | ||
| 100 | _aDenman, R.D. | ||
| 245 | _aContemporary problems of land ownership | ||
| 260 |
_aCambridge _bThe University _c1962 |
||
| 350 | _a0 | ||
| 520 | _aShelf 153 | ||
| 942 | _n0 | ||
| 948 | _c04/03/1997 | ||
| 999 |
_c86063 _d86063 |
||